IUM Words Quiz Stats

 Plays Quiz Updated Dec 4, 2018

Support Sporcle.
Go Orange.
Score 0/17 Timer 06:00
0 Plays Today
Hint Answer % Correct
Public place where live fish and other sea animals are exhibitedAquarium
98.7%
1000 yearsMillennium
91.7%
A narcotic drug obtained from the PoppyOpium
79%
A building or room designed and equipped for indoor sports, exercise, or physical educationGymnasium
78.8%
A museum in which images of stars and other astronomical phenomena are projected onto a domed ceilingPlanetarium
72.6%
A large room for public meetings or performances; the part of a public building where an audience sitsAuditorium
72.2%
The part of the skull enclosing the brainCranium
71.5%
A small platform for the conductor of an orchestra, for a public speaker, etc.Podium
71.3%
An arena or venue where sporting events are heldStadium
69.8%
Hint Answer % Correct
State of rest or balance due to the equal action of opposing forcesEquilibrium
66.2%
A middle state or condition; Patricia ArquetteMedium
44.8%
The main or central room of an ancient Roman house, typically open to the sky at the centerAtrium
40%
An acute mental disturbance characterized by confused thinking; frenzied excitementDelirium
38.5%
A collection of opinions on a subject; A conference or other meeting for discussion of a topicSymposium
35.9%
Superior in quality; higher in price or valuePremium
34.2%
An institution that treats chronic diseases, and provides supervised recuperationSanatorium
29.2%
Boredom; the quality or state of being wearisomeTedium
25%

From the Vault

6-Letter State Capitals

by NYCub

Yeah, we admit it, we panicked and typed in Sacramento there at the end.
Remove Ads.
Support Sporcle.
Get the best of Sporcle when you Go Orange. This ad-free experience offers more features, more stats, and more fun while also helping to support Sporcle. Thank you for becoming a member.

Show Comments

Extras

Top Quizzes Today


Score Distribution

Your Account Isn't Verified!

In order to create a playlist on Sporcle, you need to verify the email address you used during registration. Go to your Sporcle Settings to finish the process.

Report this User

Report this user for behavior that violates our Community Guidelines.

Details: